000 00860nam a22003377a 4500
001 BR9704645
003 BR-BrBNA
005 20230928095722.0
007 ta
008 230509b bl.||||| |||| 00| 0 por d
040 _aBR-BrBNA
_bpor
_cBiblioteca Nacional de Agricultura
041 _a(Por)
072 _aF40; K10; E13
090 _ F40 BR9704645
100 1 _aNunes, O.
245 1 _aIntroducao ao estudo da Amazonia brasileira
260 3 _aRio de Janeiro, RJ (Brasil):
_c1949.
300 _a222 p.
650 _aEcologia Florestal
650 _aRecurso Florestal
650 _aZoneamento Florestal
650 _aTerra
650 _aPlanejamento Regional
650 _aClima
650 _aFlora
650 _aFauna
650 _aAmazonia
650 _aZoneamento Ecologico
909 _a202309
_bLucia
_c55
_dLucia Elande
942 _cBK
999 _c58267
_d58267